[Event "TUR-chT Clubs"]
[Site "Konya"]
[Date "2019.07.20"]
[Round "7.24"]
[White "Altay, Sinan Can"]
[Black "Secereli, Sidar"]
[Result "0-1"]
[WhiteElo "1147"]
[BlackElo "1322"]
[PlyCount "104"]
[EventDate "2019.07.16"]
[EventType "team-swiss"]
[EventRounds "9"]
[EventCountry "TUR"]
[SourceTitle "CBM 191 Extra"]
[Source "ChessBase"]
[SourceDate "2019.09.30"]
[SourceVersion "1"]
[SourceVersionDate "2019.09.30"]
[SourceQuality "1"]
[WhiteTeam "Altin Cocuklar"]
[BlackTeam "Duzici Okyanus"]
[WhiteTeamCountry "TUR"]
[BlackTeamCountry "TUR"]

1. e4 c5 2. Nf3 Nc6 3. d4 cxd4 4. Nxd4 Nf6 5. Nc3 e5 6. Ndb5 d6 7. Bg5 a6 8. Na3 Be7 9. Bxf6 Bxf6 10. Nd5 b5 11. c3 0-0 12. Nc2 Be6 13. Nce3 Bg5 14. Be2 Ne7 15. 0-0 Bxe3 16. fxe3 Bxd5 17. exd5 f5 18. e4 Qb6+ 19. Kh1 fxe4 20. Bg4 Qc5 21. Be6+ Kh8 22. Qg4 e3 23. Qe4 a5 24. Rfe1 Rf2 25. Rxe3 Raf8 26. h3 Ng6 27. b4 axb4 28. cxb4 Qa7 29. a3 R8f4 30. Qd3 Rf8 31. Rg3 Nf4 32. Qxb5 Ne2 33. Kh2 Nxg3 34. Kxg3 Qe3+ 35. Kh2 Qf4+ 36. Kh1 e4 37. a4 e3 38. Bg4 Qd4 39. Rd1 Qb2 40. Re1 Rxg2 41. Re2 Rxe2 42. Bxe2 Qc1+ 43. Kg2 Qe1 44. h4 Qxh4 45. Bf3 Qf2+ 46. Kh1 Qxf3+ 47. Kh2 Qf2+ 48. Kh1 Qe1+ 49. Kg2 Rf2+ 50. Kh3 Rf3+ 51. Kg4 Qg3+ 52. Kh5 Rf5# 0-1

[Event "TUR-chT Clubs"]
[Site "Konya"]
[Date "2019.07.19"]
[Round "6.29"]
[White "Secereli, Sidar"]
[Black "Ilcin, Muhammed Yusuf"]
[Result "1-0"]
[WhiteElo "1322"]
[BlackElo "1056"]
[PlyCount "49"]
[EventDate "2019.07.16"]
[EventType "team-swiss"]
[EventRounds "9"]
[EventCountry "TUR"]
[SourceTitle "CBM 191 Extra"]
[Source "ChessBase"]
[SourceDate "2019.09.30"]
[SourceVersion "1"]
[SourceVersionDate "2019.09.30"]
[SourceQuality "1"]
[WhiteTeam "Duzici Okyanus"]
[BlackTeam "Siirt Genclik"]
[WhiteTeamCountry "TUR"]
[BlackTeamCountry "TUR"]

1. a3 e5 2. e3 d5 3. d4 exd4 4. exd4 Nf6 5. Nf3 Nc6 6. c4 dxc4 7. Bxc4 Bd6 8. Qe2+ Qe7 9. Qxe7+ Bxe7 10. h3 0-0 11. 0-0 Na5 12. Ba2 b6 13. Nc3 Bb7 14. Ne5 Bd6 15. Re1 a6 16. Bg5 Bxe5 17. dxe5 Nh5 18. g4 Kh8 19. gxh5 f6 20. exf6 gxf6 21. Bf4 Rg8+ 22. Bg3 Rg5 23. Kh2 Rxh5 24. Ne4 f5 25. Be5# 1-0